000
00270nam a2200109Ia 4500
008
220204s9999 xx 000 0 und d
082
_a
658.3
_b
RED
100
_a
Reddin, William J
245
0
_a
Managerial effectiveness
260
_a
Tokyo
_b
McGraw Hill
_c
1970
942
_c
BK
999
_c
22906
_d
22906